Capacidades institucionales para el desarrollo humano : (Registro nro. 5124)
[ vista simple ]
| 000 -LEADER | |
|---|---|
| fixed length control field | 01467nam a2200265Ia 4500 |
| 003 - CONTROL NUMBER IDENTIFIER | |
| control field | OSt |
| 005 - DATE AND TIME OF LATEST TRANSACTION | |
| control field | 20200331120247.0 |
| 008 - FIXED-LENGTH DATA ELEMENTS--GENERAL INFORMATION | |
| fixed length control field | 191128s2010 mx a gr 000 0 s d |
| 020 ## - INTERNATIONAL STANDARD BOOK NUMBER | |
| International Standard Book Number | 9786074012798 |
| 040 ## - CATALOGING SOURCE | |
| Original cataloging agency | CO-JMCR |
| Transcribing agency | CO-JMCR |
| 041 0# - LANGUAGE CODE | |
| Language code of text/sound track or separate title | spa |
| 082 04 - DEWEY DECIMAL CLASSIFICATION NUMBER | |
| Classification number | 320.972 / |
| Item number | G569c |
| Edition number | 21 |
| 100 ## - MAIN ENTRY--PERSONAL NAME | |
| Personal name | Gómez Álvarez, David, |
| Relator term | coordinador |
| 9 (RLIN) | 2264 |
| 245 10 - TITLE STATEMENT | |
| Title | Capacidades institucionales para el desarrollo humano : |
| Remainder of title | conceptos, índices y políticas públicas / |
| Statement of responsibility, etc. | coordinador David Gómez Álvarez |
| 250 ## - EDITION STATEMENT | |
| Edition statement | Primera edición |
| 260 ## - PUBLICATION, DISTRIBUTION, ETC. | |
| Place of publication, distribution, etc. | México : |
| Name of publisher, distributor, etc. | Programa de las Naciones Unidas para el Desarrollo : Universidad de Guadalajara, |
| Date of publication, distribution, etc. | 2010 |
| 300 ## - PHYSICAL DESCRIPTION | |
| Extent | 659 páginas : |
| Other physical details | ilustraciones a blanco y negro ; |
| Dimensions | 23 cm. |
| 490 0# - SERIES STATEMENT | |
| Series statement | Políticas públicas. Política y gobierno |
| 505 0# - FORMATTED CONTENTS NOTE | |
| Formatted contents note | Visiones econtradas sobre el gobierno local mexicano : federalismo y municipalismo -- Capacidades : las piezas del rompecabezas de desarrollo -- La calidad del gobierno en el ámbito estatal : discusión conceptual y aplicación al caso de Jalisco |
| 520 ## - SUMMARY, ETC. | |
| Summary, etc. | Este libro es el resultado de la conjunción de más de una docena de visiones distintas en torno a un mismo tema: la relación entre las capacidades institucionales de los gobiernos locales y el desarrollo humano. |
| 650 14 - SUBJECT ADDED ENTRY--TOPICAL TERM | |
| Topical term or geographic name entry element | Desarrollo humano |
| General subdivision | Estrategia del desarrollo Política pública-- |
| 9 (RLIN) | 2265 |
| 650 14 - SUBJECT ADDED ENTRY--TOPICAL TERM | |
| Topical term or geographic name entry element | Estrategia del desarrollo |
| 9 (RLIN) | 2266 |
| 650 14 - SUBJECT ADDED ENTRY--TOPICAL TERM | |
| Topical term or geographic name entry element | Política pública |
| 9 (RLIN) | 2267 |
| 942 ## - ADDED ENTRY ELEMENTS (KOHA) | |
| Source of classification or shelving scheme | Dewey Decimal Classification |
| Koha item type | Books |
| Withdrawn status | Lost status | Source of classification or shelving scheme | Damaged status | Not for loan | Collection code | Home library | Current library | Date acquired | Source of acquisition | Cost, normal purchase price | Full call number | Barcode | Date last seen | Copy number | Koha item type |
|---|---|---|---|---|---|---|---|---|---|---|---|---|---|---|---|
| Dewey Decimal Classification | Non-fiction | Biblioteca Pública José María del Castillo y Rada | Biblioteca Pública José María del Castillo y Rada | 04/15/2018 | Donación | 0.00 | 320.972 / G569c | 201810466 | 05/16/2024 | Ej.1 | Books |